00862nam a2200265Ia 4500001000600000003000900006008004100015040001300056040001300069041001200082100001500094100002900109245005900138245007700197250001100274260002400285260001400309260004900323300005700372500002400429650002800453650003100481700003100512700005300543E7500IT-RoPAU130308s9999 xx 000 0 und d aIT-RoPAU cIT-RoPAU aINGLESE aPhilo Greg gCodice Aut. SPICS: 6591 aReasonable Men and Responsible Citizens: Economic News bGlasgow Media Group Reader Volume 2: Industry, Economy, War And Politics a1a ed. aLONDON AND NEW YORK bRoutledge c1995 [1° Ed.:1995 - Ed.Ling.Originale:1982] a"16 p. (prefazione: no ; testo: 16 [pagine: 21-36])" aNotizie Economiche. aTEORICHE GIORNALISTICHE eCodice materia Spics: 7055 aHewitt JohnBeharrell Peter gCodice Aut. SPICS: 6595Codice Aut. SPICS: 6590